000 00304nam a2200121Ia 4500
008 190216s9999||||xx |||||||||||||| ||und||
100 _aShushila Guptha
245 0 _aHindi-Hindusthani Prachar Ke Theen Lokadhar
260 _bHindusthani Prachara Sabha
300 _a160
650 _aHindi
942 _cBK
999 _c16285
_d16285